Abortion and contraception: a study of patients attitudes (Record no. 437503)

000 -LEADER
fixed length control field 00464cam a22001457a 4500
008 - FIXED-LENGTH DATA ELEMENTS--GENERAL INFORMATION
fixed length control field 180718b1972 xxu||||| |||| 00| 0 eng d
082 ## - DEWEY DECIMAL CLASSIFICATION NUMBER
Classification number O97x42 W673
100 ## - MAIN ENTRY--PERSONAL NAME
Personal name Williams, Jean Morton
245 ## - TITLE STATEMENT
Title Abortion and contraception: a study of patients attitudes
Statement of responsibility, etc. by Jean Morton Williams and Keith Hindell
260 ## - PUBLICATION, DISTRIBUTION, ETC.
Place of publication, distribution, etc. London
Name of publisher, distributor, etc. PEP
Date of publication, distribution, etc. 1972
300 ## - PHYSICAL DESCRIPTION
Extent 62p.
440 ## - SERIES STATEMENT/ADDED ENTRY--TITLE
Title Broadsheet no.536, v.38
650 ## - SUBJECT ADDED ENTRY--TOPICAL TERM
Topical term or geographic name entry element Birth control --Great Britain
700 ## - ADDED ENTRY--PERSONAL NAME
Personal name Hindell, Keith

No items available.

Powered by Koha